000
00310nam a2200133Ia 4500
008
190216s9999||||xx |||||||||||||| ||und||
100
_a
Keshawa Prasad Guptha
245
0
_a
Linear Algebra
250
_a
SECOND
260
_b
Pragathi Prakashan
_c
1975
300
_a
336
650
_a
Mathematics
942
_c
BK
999
_c
30787
_d
30787